000 00781cam a22002651 4500
001 sa 67001801
003 DLC
005 20260227112325.0
008 890925s1965 io 000 0 ind
010 _asa 67001801
035 _a(OCoLC)23541135
040 _aDLC
_cMiU
_dDLC
041 0 _aindeng
042 _apremarc
050 0 0 _aBP63.I5
_bS25
100 1 _aSalam, Solichin.
245 1 0 _aMuhammadijah dan kebangunan Islam di Indonesia.
260 _aDjakarta,
_bMega,
_c1965.
300 _a184 p.
_billus., ports.
_c20 cm.
500 _aIncludes "Pendapat tokoh2 nasional" (p. 111-132) and a speech by Pres. Sukarno.
500 _aSummary in English.
504 _aIncludes bibliographies.
610 2 0 _aMuhammadiyah (Organization)
650 0 _aMuslims
_zIndonesia
999 _c72866
_d72866